Coureurs de l'équipe cycliste INEOS Grenadiers 2022 - Statistiques

Statistiques générales
  • Ce quiz a été pris 192 fois
  • Le résultat moyen est 18 sur 31
Statistiques - réponses
Nat Coureur % Correct
🇨🇴 Egan Bernal
95%
🇬🇧 Geraint Thomas
93%
🇪🇨 Richard Carapaz
86%
🇵🇱 Michał Kwiatkowski
76%
🇫🇷 Pavel Sivakov
76%
🇳🇱 Dylan van Baarle
73%
🇬🇧 Tom Pidcock
72%
🇮🇹 Filippo Ganna
71%
🇪🇸 Jonathan Castroviejo
71%
🇨🇷 Andrey Amador
65%
🇨🇴 Daniel Martínez
64%
🇪🇨 Jhonatan Narváez
61%
🇪🇸 Carlos Rodriguez
60%
🇬🇧 Adam Yates
58%
🇧🇪 Laurens De Plus
57%
🇬🇧 Luke Rowe
57%
🇦🇺 Richie Porte
56%
🇮🇹 Elia Viviani
53%
🇺🇸 Magnus Sheffield
53%
🇬🇧 Ethan Hayter
50%
🇬🇧 Ben Turner
49%
🇮🇪 Eddie Dunbar
48%
🇬🇧 Tao Geoghegan Hart
44%
🇮🇹 Salvatore Puccio
40%
🇬🇧 Ben Tulett
38%
🇦🇺 Luke Plapp
38%
🇬🇧 Ben Swift
37%
🇪🇸 Omar Fraile
34%
🇦🇺 Cameron Wurf
33%
🇨🇴 Brandon Rivera
29%
🇩🇪 Kim Heiduk
24%
Aucun quiz correspondant
Distribution des résultats
% des personnes avec chaque résultat
Percentile par nombre de réponses
Votre historique - résultats
Vous n’avez pas pris ce quiz